Liên bang Xô Viết và chiến tranh Việt Nam (Sách tham khảo nội bộ)
Gorde:
| Egile nagusia: | |
|---|---|
| Formatua: | Liburua |
| Hizkuntza: | Undetermined |
| Argitaratua: |
Hà Nội
CAND
1998
|
| Gaiak: | |
| Etiketak: |
Etiketa erantsi
Etiketarik gabe, Izan zaitez lehena erregistro honi etiketa jartzen!
|
| Thư viện lưu trữ: | Trung tâm Học liệu Trường Đại học Cần Thơ |
|---|
| LEADER | 00688nam a2200193Ia 4500 | ||
|---|---|---|---|
| 001 | CTU_28874 | ||
| 008 | 210402s9999 xx 000 0 und d | ||
| 020 | |b 38.500đ | ||
| 082 | |a 327.470597 | ||
| 082 | |b G137 | ||
| 100 | |a Ilya V Gaiduk | ||
| 245 | 0 | |a Liên bang Xô Viết và chiến tranh Việt Nam (Sách tham khảo nội bộ) | |
| 245 | 0 | |c Ilya V Gaiduk; Dịch giả: Trần Quy Thắng, Trần Văn Liên | |
| 260 | |a Hà Nội | ||
| 260 | |b CAND | ||
| 260 | |c 1998 | ||
| 650 | |a ussr - foreign relations - vietnam,vietnamese conflict, 1961-1975 - united states | ||
| 904 | |i Minh, 990306 | ||
| 980 | |a Trung tâm Học liệu Trường Đại học Cần Thơ | ||